Electric power planning for regulated and deregulated markets

Kaydedildi:
Detaylı Bibliyografya
Yazar:  Mazer, Arthur
Materyal Türü: Sách
Dil:Undetermined
Baskı/Yayın Bilgisi:  IEEE Press  2007
Konular:
Etiketler: Etiketle
Etiket eklenmemiş, İlk siz ekleyin!
Thư viện lưu trữ: Trung tâm Thư viện - Trường Đại học Công nghiệp TP. Hồ Chí Minh
LEADER 00508nam a2200157Ia 4500
001 UIH_03944
008 231011s9999 xx 000 0 und d
082 |a  333.7932 
100 |a  Mazer, Arthur 
245 0 |a  Electric power planning for regulated and deregulated markets 
245 0 |c  Mazer, Arthur 
260 |b  IEEE Press 
260 |c  2007 
650 |a  Năng lượng điện;  
927 |a Sách 
980 |a Trung tâm Thư viện - Trường Đại học Công nghiệp TP. Hồ Chí Minh